The ambient century : from Mahler to trance : the evolution of sound in the electronic age

Αποθηκεύτηκε σε:
Λεπτομέρειες βιβλιογραφικής εγγραφής
Κύριος συγγραφέας: Prendergast, Mark J.
Μορφή: Βιβλίο
Γλώσσα:English
Δημοσίευση: New York : Bloomsbury, c2000
Έκδοση:1st American ed.
Θέματα:
Ετικέτες: Προσθήκη ετικέτας
Δεν υπάρχουν, Καταχωρήστε ετικέτα πρώτοι!

MARC

LEADER 00000nam a2200000 i 4500
001 1/30646
008 060601s2000 eng d
020 |a 1-58234-134-6 
035 |l 10084201 
040 |a GR-MY-UA  |b gre  |e aacr 
041 0 |a eng 
082 0 |a 780.904  |2 (22) 
100 1 |a Prendergast, Mark J. 
245 1 4 |a The ambient century :  |b from Mahler to trance : the evolution of sound in the electronic age /  |c Mark Prendergast 
250 |a 1st American ed.  
260 |a New York :   |b Bloomsbury,   |c c2000 
300 |a xii, 498 σ.;  |b εικ.;  |c 24 εκ. 
504 |a Περιέχει δισκογραφία (σ. [474]-476), βιβλιογραφία (σ. [477]-482) και ευρετήριο 
650 0 0 |a Music  |y 20th century  |x History and criticism. 
650 0 0 |a Electronic music  |x History and criticism. 
650 0 0 |a Composers  |x Biography. 
852 |a INST  |b LESVOS  |e 20060601  |h 780.904 PRE  |p 005100035810  |q 005100035810  |t BK  |y 0 
901 |a BIBL1-2006-2 
909 |a Λ  |b 128574 
920 |a ΕΠΕΑΕΚ ΚΟΙΝΩΝΙΚΗΣ ΑΝΘΡΩΠΟΛΟΓΙΑΣ ΚΑΙ ΙΣΤΟΡΙΑΣ  |y ΛΕΣΒΟΣ  |z 2006-05 
970 |a ΚΑΡΑ  |b ΓΙΑΣΕΜΗ  |z 2006/06/01